Corrosion and corrosion protection handbook /
Guardado en:
| Otros Autores: | |
|---|---|
| Formato: | Libro |
| Idioma: | English |
| Publicado: |
New York :
M. Dekker,
c1989.
|
| Edición: | 2nd ed., rev. and expanded. |
| Series: | Corrosion technology (New York, N.Y.) ;
1. |
| Materias: | |
| Etiquetas: |
Agregar Etiqueta
Sin Etiquetas, Sea el primero en etiquetar este registro!
|
| LEADER | 00917pam a22002415a 4500 | ||
|---|---|---|---|
| 001 | EIQ.libpla001742 | ||
| 008 | 880915s1989####nyua#####bf###001#0#eng#d | ||
| 005 | 20061218191050.0 | ||
| 245 | 0 | 0 | |a Corrosion and corrosion protection handbook / |c edited by Philip A. Schweitzer. |
| 250 | |a 2nd ed., rev. and expanded. | ||
| 260 | |a New York : |b M. Dekker, |c c1989. | ||
| 300 | |a xviii, 660 p. : |b il. ; |c 24 cm. | ||
| 490 | 1 | |a Corrosion technology ; |v 1 | |
| 504 | |a Incluye referencias bibliográficas e índice. | ||
| 020 | |a 0824779983 | ||
| 700 | 1 | |a Schweitzer, Philip A., |e ed. |4 edt | |
| 830 | 0 | |a Corrosion technology (New York, N.Y.) ; |v 1. | |
| 082 | 0 | 0 | |a 620.1/1223 |2 19 |
| 650 | 0 | |a Corrosión y anti-corrosivos |x Handbooks, manuales, etc. | |
| 650 | 0 | |a Corrosion and anti-corrosives |x Handbooks, manuals, etc. | |
| 010 | |a 88013916 | ||
| 040 | |a DLC |c DLC |d AR-BbSID | ||
| 859 | |a AR-BbSID |b BIB. PLAPIQUI |h 620.112 2 |i C 667 |k R |p 1184 | ||
